000 00738nam a22002897a 4500
005 20260413153558.0
008 150303b2007 xxu||||| |||| 00| 0 ES d
020 _a9788476588338
041 _aESP
082 _a364.6 B493j
100 _aBergalli, Roberto
_929750
245 _aJóvenes y adultos: el difícil vínculo social
260 _aEspaña
260 _bAnthropos
260 _b2007
300 _a213 páginas
490 _aInvestigación Criminal
650 _aRESOCIALIZACIÓN
650 _aJÓVENES
650 _aADULTOS
650 _aCORECCIÓN
650 _aFAMILIA
650 _aDELINCUENCIA JUVENIL
650 _aCONTROL PENAL DE MENORES
650 _aTRANSICIÓN A LA VIDA ADULTA
942 _cBK
_2ddc
999 _c3571
_d3571